| 000 | 00888cam a22002654a 4500 | ||
|---|---|---|---|
| 001 | 16882104 | ||
| 003 | ARRUPE | ||
| 005 | 20140111020019.0 | ||
| 008 | 110721t20122010nyu b 001 0 eng | ||
| 010 | _a 2011030283 | ||
| 020 | _a9781441198273 (pbk. : alk. paper) | ||
| 020 | _a144119827X (pbk. : alk. paper) | ||
| 020 | _a9781441154347 (hardcover) | ||
| 040 |
_aDLC _cDLC _dDLC |
||
| 050 | 0 | 0 |
_aB995.L654 _bB418 2012 |
| 100 | 1 |
_aBeards, Andrew. _9958 |
|
| 245 | 1 | 0 |
_aInsight and analysis : _bessays in applying Lonergan's thought / _cAndrew Beards. |
| 250 | _aPaperback ed. | ||
| 260 |
_aNew York : _bContinuum, _c2012. |
||
| 300 |
_ax, 272 p. ; _c24 cm. |
||
| 600 | 1 | 0 |
_aLonergan, Bernard J. F. _9959 |
| 906 |
_a7 _bcbc _corignew _d1 _eecip _f20 _gy-gencatlg |
||
| 942 |
_2lcc _cMONOGRAPH _01 |
||
| 999 |
_c117964 _d117964 |
||